000 00867nam a22002657a 4500
999 _c2510
_d2510
005 20230622090848.0
008 230622b ||||| |||| 00| 0 eng d
020 _a9780709717416
040 _cKH8
082 _a823.9 DAV
100 _aDavies, Gill
_eAuthor
245 _aEarly readers :
_bThree playtime stories
_cGill Davies
260 _aEngland,
_bBrown Watson,
_c2006
300 _a 29 pages :
_bcolor illustrations ;
_c23 cm.
440 _a Early readers
500 _a English fiction "Large print reading scheme"--Cover
520 _aContents: Slide and ride Mrs Bossy Bear Picnic party
650 _a Children's stories
_vFiction
650 _aReaders
650 _aReaders
_v English
_xfiction
700 _aGuile, Gill
_eIllustrator
700 _aSwift, Jane
_eIllustrator
700 _aHolmes, Stephen
_eIllustrator
942 _2ddc
_cFIC